Drapeaux Asie - Statistiques

Statistiques générales
  • Ce quiz a été pris 27 fois
    25 depuis la dernière actualisation
  • Le résultat moyen est 42 sur 56
Statistiques - réponses
Par images Réponse % Correct
Chine
100%
Chypre
100%
Corée du Sud
100%
Indonésie
100%
Israël
100%
Qatar
100%
Arabie Saoudite
92%
Corée du Nord
92%
Géorgie
92%
Inde
92%
Iran
92%
Japon
92%
Liban
92%
Népal
92%
Ouzbékistan
92%
Thaïlande
92%
Vietnam
92%
Arménie
85%
Bangladesh
85%
Cambodge
85%
Irak
85%
Philippines
85%
Singapour
85%
Sri Lanka
85%
Birmanie
77%
Émirats Arabes Unis
77%
Jordanie
77%
Kazakhstan
77%
Laos
77%
Malaisie
77%
Oman
77%
Pakistan
77%
Palestine
77%
Syrie
77%
Tadjikistan
77%
Yémen
77%
Afghanistan
69%
Azerbaïdjan
69%
Bahreïn
69%
Bhoutan
69%
Brunei
69%
Kirghizistan
69%
Koweït
69%
Maldives
69%
Mongolie
69%
Taïwan
69%
Timor Oriental
69%
Turkménistan
69%
Hong-Kong
38%
Abkhazie
31%
Chypre du Nord
31%
Macao
31%
Ossétie du Sud
31%
Tibet
31%
Haut-Karabagh
23%
Territoire britannique de l'océan Indien
23%
Aucun quiz correspondant
Distribution des résultats
% des personnes avec chaque résultat
Percentile par nombre de réponses
Votre historique - résultats
Vous n’avez pas pris ce quiz depuis la dernière actualisation